header

Kinematic-wave rainfall-runoff formulas (Record no. 176240)

MARC details
000 -LEADER
fixed length control field 01412nam a2200361 a 4500
082 04 - DEWEY DECIMAL CLASSIFICATION NUMBER
Classification number 627/.042
100 1# - MAIN ENTRY--AUTHOR NAME
Personal name Wong, Tommy S. W.
245 10 - TITLE STATEMENT
Title Kinematic-wave rainfall-runoff formulas
260 ## - PUBLICATION, DISTRIBUTION, ETC. (IMPRINT)
Place of publication New York :
Name of publisher Nova Science Publishers,
Year of publication c2009.
300 ## - PHYSICAL DESCRIPTION
Number of Pages xv, 248 p. :
Other physical details ill.
490 1# - SERIES STATEMENT
Series statement Hydrological science and engineering series
650 #0 - SUBJECT ADDED ENTRY--TOPICAL TERM
Topical Term Runoff
Topical Term Rain and rainfall
Topical Term Hydrologic models.
856 40 - ELECTRONIC LOCATION AND ACCESS
Uniform Resource Identifier http://site.ebrary.com/lib/rucke/Doc?id=10671405

No items available.

© 2026 Rongo University
Contact us: librarian | system librarian | Rongo university